| 000 | 00899nam a2200301 a 4500 | ||
|---|---|---|---|
| 001 | vtls001408404 | ||
| 003 | NLI | ||
| 005 | 20210627113855.0 | ||
| 008 | 121127s1954 xx 000 0 eng | ||
| 020 | _cUSD 13.50 | ||
| 039 | 9 |
_y201211272050 _zVLOAD |
|
| 040 |
_aNLI _beng _cDatasoft_2012 _eAACR2 |
||
| 041 | 0 | _aeng | |
| 044 | _a xx | ||
| 082 | 0 | 4 | _a 617.4 |
| 100 | 1 |
_aBacon, Harry E, _4edt _9986139 |
|
| 245 | 1 | 0 |
_aAtlas of operative technic anus, rectum and colon / _cby Harry E. Bacon and Stuart T. Ross |
| 260 |
_aMosby : _bSt. Louis, _c1954 |
||
| 300 |
_a301 p. ; _c29 cm. |
||
| 650 | 0 |
_aChest _xSurgery _9777763 |
|
| 650 | 0 |
_aCardiovascular system _xSurgery _9986140 |
|
| 700 | 1 |
_aRoss, Stuart T, _4jt. aut _9986141 |
|
| 887 | _a | ||
| 901 |
_aWL3978 _b13.07.1956 |
||
| 902 | _aE/O 617.4 B 133 | ||
| 949 |
_AVIRTUAITEM _D10000 _X100 _6WLX000003978ENG |
||
| 942 |
_2ddc _cBKS |
||
| 999 |
_aVIRTUA40 _c861968 _d861968 |
||